000
00310nam a2200121Ia 4500
008
241002s9999 xx 000 0 und d
082
_a
338.6046 BOR
100
_a
Bornstein, Morris
245
0
_a
Compartive Economic Systems Models & Case
260
_a
London:
_c
1965
600
_a
Social Sciences
942
_c
UC
999
_c
18506
_d
18506